Μελισσοκομικά φυτά : βιβλίο δεύτερο
Saved in:
| Main Author: | |
|---|---|
| Format: | Book |
| Language: | Greek |
| Published: |
Θεσσαλονίκη :
[Μελισσοκομική επιθεώρηση],
2015.
|
| Edition: | [1η έκδ.] |
| Subjects: | |
| Tags: |
Add Tag
No Tags, Be the first to tag this record!
|
MARC
| LEADER | 00000cam a2200000 a 4500 | ||
|---|---|---|---|
| 001 | 1/122159 | ||
| 008 | 200929s2015####gr | ||| |||| ||gre|| | ||
| 020 | |a 9789608577770 |q (σκληρό εξώφυλλο) | ||
| 040 | |a GR-MyUa |b gre |c GR-MyUa |e AACR2 | ||
| 041 | 0 | |a gre | |
| 082 | 7 | |a 638.13 |2 (23) | |
| 100 | 1 | |a Πλακούτσης, Αθανάσιος Κ. |e aut | |
| 245 | 1 | 0 | |a Μελισσοκομικά φυτά : |b βιβλίο δεύτερο / |c Αθανάσιος Κων. Πλακούτσης |
| 250 | |a [1η έκδ.] | ||
| 260 | |a Θεσσαλονίκη : |b [Μελισσοκομική επιθεώρηση], |c 2015. | ||
| 300 | |a 232 σ. : |b έγχρ. εικ. ; |c 30 εκ. | ||
| 504 | |a Βιβλιογραφία : σ. 232. | ||
| 504 | |a Ευρετήριο : σ. 220-231. | ||
| 650 | 0 | |a Honey plants. | |
| 852 | |a INST |b LEMNOS |e 20200929 |h 638.13 ΠΛΑ |p 005600001867 |q 005600001867 |t BK |y 0 | ||
| 920 | |a Μελισσοκομική εταιρεία ΑΝΕL |y Λήμνος-ΤΕΤΔ |z 2020-06 | ||
| 970 | |a Πανταζή |b Αντωνία |z 29/09/2020 | ||